<?xml version="1.0" encoding="UTF-8"?>
<record
    xmlns:xsi="http://www.w3.org/2001/XMLSchema-instance"
    xsi:schemaLocation="http://www.loc.gov/MARC21/slim http://www.loc.gov/standards/marcxml/schema/MARC21slim.xsd"
    xmlns="http://www.loc.gov/MARC21/slim">

  <leader>01311nam a2200301 i 4500</leader>
  <controlfield tag="003">CO-ViMGA</controlfield>
  <controlfield tag="005">20230915224425.0</controlfield>
  <controlfield tag="008">201202s2020    ck ado er     000 0 spa d</controlfield>
  <datafield tag="020" ind1=" " ind2=" ">
    <subfield code="a">9789586656399</subfield>
  </datafield>
  <datafield tag="040" ind1=" " ind2=" ">
    <subfield code="a">CO-ViMGA</subfield>
    <subfield code="b">spa</subfield>
    <subfield code="c">CO-ViMGA</subfield>
  </datafield>
  <datafield tag="082" ind1="0" ind2="4">
    <subfield code="a">303.66 </subfield>
    <subfield code="b">B83p</subfield>
    <subfield code="2">22</subfield>
  </datafield>
  <datafield tag="100" ind1="1" ind2=" ">
    <subfield code="a">Buitrago Rojas, Andrea Paola</subfield>
    <subfield code="e">autora</subfield>
    <subfield code="9">161980</subfield>
  </datafield>
  <datafield tag="245" ind1="1" ind2="3">
    <subfield code="a">La paz desde abajo :</subfield>
    <subfield code="b">breve historia, impacto y participacion de los movimientos sociales en Colombia /</subfield>
    <subfield code="c">Andrea Paola Buitrago Rojas  [y otros tres]</subfield>
  </datafield>
  <datafield tag="250" ind1=" " ind2=" ">
    <subfield code="a">Edicion especial</subfield>
  </datafield>
  <datafield tag="260" ind1=" " ind2=" ">
    <subfield code="a">Bogota :</subfield>
    <subfield code="b">Siglo del Hombre,</subfield>
    <subfield code="c">2020</subfield>
  </datafield>
  <datafield tag="300" ind1=" " ind2=" ">
    <subfield code="a">259 paginas</subfield>
    <subfield code="b">ilustraciones, graficas, fotografias</subfield>
    <subfield code="c">24 cm</subfield>
  </datafield>
  <datafield tag="490" ind1="0" ind2=" ">
    <subfield code="a">Plan Nacional de Lectura y Escritura Leer es mi Cuento / Ministerio de Cultura</subfield>
  </datafield>
  <datafield tag="504" ind1=" " ind2=" ">
    <subfield code="a">Incluye bibliografia al final del texto</subfield>
  </datafield>
  <datafield tag="650" ind1="1" ind2="7">
    <subfield code="2">LEMB</subfield>
    <subfield code="a">Conflicto armado </subfield>
    <subfield code="x">Historia </subfield>
    <subfield code="z">Colombia </subfield>
    <subfield code="9">23060</subfield>
  </datafield>
  <datafield tag="650" ind1="1" ind2="7">
    <subfield code="2">LEMB</subfield>
    <subfield code="a">Derechos humanos</subfield>
    <subfield code="x">Historia </subfield>
    <subfield code="z">Colombia </subfield>
    <subfield code="9">20495</subfield>
  </datafield>
  <datafield tag="650" ind1="1" ind2="7">
    <subfield code="2">LEMB</subfield>
    <subfield code="a">Movimientos sociales </subfield>
    <subfield code="x">Historia </subfield>
    <subfield code="z">Colombia </subfield>
    <subfield code="9">156420</subfield>
  </datafield>
  <datafield tag="650" ind1="1" ind2="7">
    <subfield code="2">LEMB</subfield>
    <subfield code="a">Paz </subfield>
    <subfield code="x">Historia </subfield>
    <subfield code="z">Colombia </subfield>
    <subfield code="9">161851</subfield>
  </datafield>
  <datafield tag="651" ind1="1" ind2="4">
    <subfield code="a">Colombia </subfield>
    <subfield code="x">Condiciones sociales </subfield>
    <subfield code="9">3645</subfield>
  </datafield>
  <datafield tag="700" ind1="1" ind2=" ">
    <subfield code="a">Cundumi Di&#xAD;az, Marcelina</subfield>
    <subfield code="e">autora </subfield>
    <subfield code="9">161982</subfield>
  </datafield>
  <datafield tag="700" ind1="1" ind2=" ">
    <subfield code="a">Yate Yara, Marco Tulio</subfield>
    <subfield code="e">autor </subfield>
    <subfield code="9">161981</subfield>
  </datafield>
  <datafield tag="700" ind1="1" ind2=" ">
    <subfield code="a">Yaya Cuervo, Rosa Lilia</subfield>
    <subfield code="e">autora </subfield>
    <subfield code="9">161983</subfield>
  </datafield>
  <datafield tag="942" ind1=" " ind2=" ">
    <subfield code="2">ddc</subfield>
    <subfield code="c">BK</subfield>
  </datafield>
  <datafield tag="999" ind1=" " ind2=" ">
    <subfield code="c">9062</subfield>
    <subfield code="d">9062</subfield>
  </datafield>
  <datafield tag="952" ind1=" " ind2=" ">
    <subfield code="0">0</subfield>
    <subfield code="1">0</subfield>
    <subfield code="2">ddc</subfield>
    <subfield code="4">0</subfield>
    <subfield code="7">0</subfield>
    <subfield code="8">GEN</subfield>
    <subfield code="a">MEGRANAD</subfield>
    <subfield code="b">MEGRANAD</subfield>
    <subfield code="c">SOC</subfield>
    <subfield code="d">2022-11-11</subfield>
    <subfield code="l">0</subfield>
    <subfield code="o">303.66</subfield>
    <subfield code="p">GRA-for'2020'13515</subfield>
    <subfield code="r">2022-11-11 00:00:00</subfield>
    <subfield code="t">Ej.1</subfield>
    <subfield code="w">2022-11-11</subfield>
    <subfield code="y">BK</subfield>
  </datafield>
  <datafield tag="952" ind1=" " ind2=" ">
    <subfield code="0">0</subfield>
    <subfield code="1">0</subfield>
    <subfield code="2">ddc</subfield>
    <subfield code="4">0</subfield>
    <subfield code="7">0</subfield>
    <subfield code="8">GEN</subfield>
    <subfield code="a">MEPRICO</subfield>
    <subfield code="b">MEPRICO</subfield>
    <subfield code="c">GEN</subfield>
    <subfield code="d">2022-12-05</subfield>
    <subfield code="o">30366 B83p</subfield>
    <subfield code="p">PR0000084</subfield>
    <subfield code="r">2022-12-05 00:00:00</subfield>
    <subfield code="t">Ej.1</subfield>
    <subfield code="w">2022-12-05</subfield>
    <subfield code="y">BK</subfield>
  </datafield>
  <datafield tag="952" ind1=" " ind2=" ">
    <subfield code="0">0</subfield>
    <subfield code="1">0</subfield>
    <subfield code="2">ddc</subfield>
    <subfield code="4">0</subfield>
    <subfield code="7">0</subfield>
    <subfield code="a">MEDORADO</subfield>
    <subfield code="b">MEDORADO</subfield>
    <subfield code="d">2022-12-09</subfield>
    <subfield code="l">0</subfield>
    <subfield code="o">30366 B83p</subfield>
    <subfield code="p">DOR00135</subfield>
    <subfield code="r">2022-12-09 00:00:00</subfield>
    <subfield code="t">Ej.1</subfield>
    <subfield code="w">2022-12-09</subfield>
    <subfield code="y">BK</subfield>
  </datafield>
  <datafield tag="952" ind1=" " ind2=" ">
    <subfield code="0">0</subfield>
    <subfield code="1">0</subfield>
    <subfield code="2">ddc</subfield>
    <subfield code="4">0</subfield>
    <subfield code="7">0</subfield>
    <subfield code="8">GEN</subfield>
    <subfield code="a">MEPLLERAS</subfield>
    <subfield code="b">MEPLLERAS</subfield>
    <subfield code="c">GEN</subfield>
    <subfield code="d">2023-02-23</subfield>
    <subfield code="l">0</subfield>
    <subfield code="o">303.66 B83p</subfield>
    <subfield code="p">PLL00166</subfield>
    <subfield code="r">2023-02-23 00:00:00</subfield>
    <subfield code="t">Ej.1</subfield>
    <subfield code="w">2023-02-23</subfield>
    <subfield code="y">BK</subfield>
  </datafield>
  <datafield tag="952" ind1=" " ind2=" ">
    <subfield code="0">0</subfield>
    <subfield code="1">0</subfield>
    <subfield code="2">ddc</subfield>
    <subfield code="4">0</subfield>
    <subfield code="7">0</subfield>
    <subfield code="8">GEN</subfield>
    <subfield code="a">MEGUAMAL</subfield>
    <subfield code="b">MEGUAMAL</subfield>
    <subfield code="c">GEN</subfield>
    <subfield code="d">2023-03-09</subfield>
    <subfield code="l">0</subfield>
    <subfield code="o">303.66  B83p</subfield>
    <subfield code="p">GUA002093</subfield>
    <subfield code="r">2023-03-09 00:00:00</subfield>
    <subfield code="t">Ej.1</subfield>
    <subfield code="w">2023-03-09</subfield>
    <subfield code="y">BK</subfield>
  </datafield>
  <datafield tag="952" ind1=" " ind2=" ">
    <subfield code="0">0</subfield>
    <subfield code="1">0</subfield>
    <subfield code="2">ddc</subfield>
    <subfield code="4">0</subfield>
    <subfield code="7">0</subfield>
    <subfield code="8">GEN</subfield>
    <subfield code="a">MESMARTI</subfield>
    <subfield code="b">MESMARTI</subfield>
    <subfield code="c">GEN</subfield>
    <subfield code="d">2023-03-29</subfield>
    <subfield code="l">0</subfield>
    <subfield code="o">303.66 B83p</subfield>
    <subfield code="p">SM00982</subfield>
    <subfield code="r">2023-03-29 00:00:00</subfield>
    <subfield code="t">Ej.1</subfield>
    <subfield code="w">2023-03-29</subfield>
    <subfield code="y">BK</subfield>
  </datafield>
  <datafield tag="952" ind1=" " ind2=" ">
    <subfield code="0">0</subfield>
    <subfield code="1">0</subfield>
    <subfield code="2">ddc</subfield>
    <subfield code="4">0</subfield>
    <subfield code="7">0</subfield>
    <subfield code="8">GEN</subfield>
    <subfield code="a">MEFTEORO</subfield>
    <subfield code="b">MEFTEORO</subfield>
    <subfield code="c">GEN</subfield>
    <subfield code="d">2023-05-02</subfield>
    <subfield code="l">0</subfield>
    <subfield code="o">303.66 B83p</subfield>
    <subfield code="p">Fo00130</subfield>
    <subfield code="r">2023-05-02 00:00:00</subfield>
    <subfield code="t">Ej.1</subfield>
    <subfield code="w">2023-05-02</subfield>
    <subfield code="y">BK</subfield>
  </datafield>
  <datafield tag="952" ind1=" " ind2=" ">
    <subfield code="0">0</subfield>
    <subfield code="1">0</subfield>
    <subfield code="2">ddc</subfield>
    <subfield code="4">0</subfield>
    <subfield code="7">0</subfield>
    <subfield code="8">GEN</subfield>
    <subfield code="a">MEVHERMO</subfield>
    <subfield code="b">MEVHERMO</subfield>
    <subfield code="c">GEN</subfield>
    <subfield code="d">2023-06-15</subfield>
    <subfield code="l">0</subfield>
    <subfield code="o">303.66 B83p</subfield>
    <subfield code="p">VIS00113</subfield>
    <subfield code="r">2023-06-15 00:00:00</subfield>
    <subfield code="t">Ej.1</subfield>
    <subfield code="w">2023-06-15</subfield>
    <subfield code="y">BK</subfield>
  </datafield>
  <datafield tag="952" ind1=" " ind2=" ">
    <subfield code="0">0</subfield>
    <subfield code="1">0</subfield>
    <subfield code="2">ddc</subfield>
    <subfield code="4">0</subfield>
    <subfield code="7">0</subfield>
    <subfield code="8">GEN</subfield>
    <subfield code="a">MEMACARE</subfield>
    <subfield code="b">MEMACARE</subfield>
    <subfield code="c">GEN</subfield>
    <subfield code="d">2023-07-12</subfield>
    <subfield code="l">0</subfield>
    <subfield code="o">303.66 B83p</subfield>
    <subfield code="p">LM00087</subfield>
    <subfield code="r">2023-07-12 00:00:00</subfield>
    <subfield code="t">Ej.1</subfield>
    <subfield code="w">2023-07-12</subfield>
    <subfield code="y">BK</subfield>
  </datafield>
  <datafield tag="952" ind1=" " ind2=" ">
    <subfield code="0">0</subfield>
    <subfield code="1">0</subfield>
    <subfield code="2">ddc</subfield>
    <subfield code="4">0</subfield>
    <subfield code="7">0</subfield>
    <subfield code="8">GEN</subfield>
    <subfield code="a">MESARAMA</subfield>
    <subfield code="b">MESARAMA</subfield>
    <subfield code="c">GEN</subfield>
    <subfield code="d">2023-07-27</subfield>
    <subfield code="l">0</subfield>
    <subfield code="o">303.66 B83p</subfield>
    <subfield code="p">SJA00667</subfield>
    <subfield code="r">2023-07-27 19:37:46</subfield>
    <subfield code="t">Ej.1</subfield>
    <subfield code="w">2023-07-27</subfield>
    <subfield code="y">BK</subfield>
  </datafield>
  <datafield tag="952" ind1=" " ind2=" ">
    <subfield code="0">0</subfield>
    <subfield code="1">0</subfield>
    <subfield code="2">ddc</subfield>
    <subfield code="4">0</subfield>
    <subfield code="7">0</subfield>
    <subfield code="8">GEN</subfield>
    <subfield code="a">MECUBARR</subfield>
    <subfield code="b">MECUBARR</subfield>
    <subfield code="c">GEN</subfield>
    <subfield code="d">2023-08-03</subfield>
    <subfield code="l">0</subfield>
    <subfield code="o">303.66 B83p</subfield>
    <subfield code="p">CUB02186</subfield>
    <subfield code="r">2023-08-03 20:37:47</subfield>
    <subfield code="t">Ej.1</subfield>
    <subfield code="w">2023-08-03</subfield>
    <subfield code="y">BK</subfield>
  </datafield>
  <datafield tag="952" ind1=" " ind2=" ">
    <subfield code="0">0</subfield>
    <subfield code="1">0</subfield>
    <subfield code="2">ddc</subfield>
    <subfield code="4">0</subfield>
    <subfield code="7">0</subfield>
    <subfield code="8">GEN</subfield>
    <subfield code="a">MECASTIL</subfield>
    <subfield code="b">MECASTIL</subfield>
    <subfield code="c">GEN</subfield>
    <subfield code="d">2023-08-26</subfield>
    <subfield code="l">0</subfield>
    <subfield code="o">303.66 B83p</subfield>
    <subfield code="p">EC01477</subfield>
    <subfield code="r">2023-08-26 19:40:22</subfield>
    <subfield code="t">Ej.1</subfield>
    <subfield code="w">2023-08-26</subfield>
    <subfield code="y">BK</subfield>
  </datafield>
  <datafield tag="952" ind1=" " ind2=" ">
    <subfield code="0">0</subfield>
    <subfield code="1">0</subfield>
    <subfield code="2">ddc</subfield>
    <subfield code="4">0</subfield>
    <subfield code="7">0</subfield>
    <subfield code="8">001</subfield>
    <subfield code="a">MEVIGACOM</subfield>
    <subfield code="b">MEVIGACOM</subfield>
    <subfield code="d">2021-03-12</subfield>
    <subfield code="g">12327.00</subfield>
    <subfield code="l">0</subfield>
    <subfield code="o">303.66 B83p</subfield>
    <subfield code="p">34568</subfield>
    <subfield code="r">2021-03-12 00:00:00</subfield>
    <subfield code="w">2021-03-12</subfield>
    <subfield code="y">BK</subfield>
  </datafield>
  <datafield tag="952" ind1=" " ind2=" ">
    <subfield code="0">0</subfield>
    <subfield code="1">0</subfield>
    <subfield code="2">ddc</subfield>
    <subfield code="4">0</subfield>
    <subfield code="7">0</subfield>
    <subfield code="8">003</subfield>
    <subfield code="a">MEVIECAR</subfield>
    <subfield code="b">MEVIECAR</subfield>
    <subfield code="d">2021-03-12</subfield>
    <subfield code="g">12327.00</subfield>
    <subfield code="l">0</subfield>
    <subfield code="o">303.66 B83p</subfield>
    <subfield code="p">39054</subfield>
    <subfield code="r">2021-08-10 00:00:00</subfield>
    <subfield code="w">2021-08-10</subfield>
    <subfield code="y">BK</subfield>
  </datafield>
  <datafield tag="952" ind1=" " ind2=" ">
    <subfield code="0">0</subfield>
    <subfield code="1">0</subfield>
    <subfield code="2">ddc</subfield>
    <subfield code="4">0</subfield>
    <subfield code="7">0</subfield>
    <subfield code="8">GEN</subfield>
    <subfield code="a">MEMAPIRI</subfield>
    <subfield code="b">MEMAPIRI</subfield>
    <subfield code="c">GEN</subfield>
    <subfield code="d">2024-01-09</subfield>
    <subfield code="l">0</subfield>
    <subfield code="o">303.66 B83p</subfield>
    <subfield code="p">MAP00001058</subfield>
    <subfield code="r">2024-01-09 20:34:01</subfield>
    <subfield code="t">Ej.1</subfield>
    <subfield code="w">2024-01-09</subfield>
    <subfield code="y">BK</subfield>
  </datafield>
  <datafield tag="952" ind1=" " ind2=" ">
    <subfield code="0">0</subfield>
    <subfield code="1">0</subfield>
    <subfield code="2">ddc</subfield>
    <subfield code="4">0</subfield>
    <subfield code="7">0</subfield>
    <subfield code="8">GEN</subfield>
    <subfield code="a">MEURIBE</subfield>
    <subfield code="b">MEURIBE</subfield>
    <subfield code="c">GEN</subfield>
    <subfield code="d">2024-07-10</subfield>
    <subfield code="l">0</subfield>
    <subfield code="o">303.66 B83p</subfield>
    <subfield code="p">URI00183</subfield>
    <subfield code="r">2024-07-10 11:38:56</subfield>
    <subfield code="t">Ej.1</subfield>
    <subfield code="w">2024-07-10</subfield>
    <subfield code="y">BK</subfield>
  </datafield>
  <datafield tag="952" ind1=" " ind2=" ">
    <subfield code="0">0</subfield>
    <subfield code="1">0</subfield>
    <subfield code="2">ddc</subfield>
    <subfield code="4">0</subfield>
    <subfield code="7">0</subfield>
    <subfield code="8">GEN</subfield>
    <subfield code="a">MECASARI</subfield>
    <subfield code="b">MECASARI</subfield>
    <subfield code="c">GEN</subfield>
    <subfield code="d">2024-11-10</subfield>
    <subfield code="l">0</subfield>
    <subfield code="o">303.66 - B83P</subfield>
    <subfield code="p">BM0001150</subfield>
    <subfield code="r">2024-11-10 16:53:31</subfield>
    <subfield code="t">Ej.1</subfield>
    <subfield code="w">2024-11-10</subfield>
    <subfield code="y">BK</subfield>
  </datafield>
  <datafield tag="952" ind1=" " ind2=" ">
    <subfield code="0">0</subfield>
    <subfield code="1">0</subfield>
    <subfield code="4">0</subfield>
    <subfield code="7">0</subfield>
    <subfield code="8">001</subfield>
    <subfield code="a">MEVIGERR</subfield>
    <subfield code="b">MEVIGERR</subfield>
    <subfield code="c">GEN</subfield>
    <subfield code="d">2021-09-01</subfield>
    <subfield code="o">303.66 B83p</subfield>
    <subfield code="p">ECA28054</subfield>
    <subfield code="r">2024-11-25 15:07:13</subfield>
    <subfield code="t">Ej.1</subfield>
    <subfield code="w">2024-11-25</subfield>
    <subfield code="y">BK</subfield>
    <subfield code="z">21150 | 27019</subfield>
  </datafield>
  <datafield tag="952" ind1=" " ind2=" ">
    <subfield code="0">0</subfield>
    <subfield code="1">0</subfield>
    <subfield code="2">ddc</subfield>
    <subfield code="4">0</subfield>
    <subfield code="7">0</subfield>
    <subfield code="8">GEN</subfield>
    <subfield code="a">MEACACIA</subfield>
    <subfield code="b">MEACACIA</subfield>
    <subfield code="c">GEN</subfield>
    <subfield code="d">2025-02-24</subfield>
    <subfield code="l">0</subfield>
    <subfield code="o">303.66  B83p</subfield>
    <subfield code="p">ACA02246</subfield>
    <subfield code="r">2025-02-24 07:58:56</subfield>
    <subfield code="t">Ej.1</subfield>
    <subfield code="w">2025-02-24</subfield>
    <subfield code="y">BK</subfield>
  </datafield>
  <datafield tag="952" ind1=" " ind2=" ">
    <subfield code="0">0</subfield>
    <subfield code="1">0</subfield>
    <subfield code="2">ddc</subfield>
    <subfield code="4">0</subfield>
    <subfield code="7">0</subfield>
    <subfield code="8">GEN</subfield>
    <subfield code="a">MESGUARO</subfield>
    <subfield code="b">MESGUARO</subfield>
    <subfield code="c">GEN</subfield>
    <subfield code="d">2025-03-04</subfield>
    <subfield code="l">0</subfield>
    <subfield code="o">303.66  B83p</subfield>
    <subfield code="p">SG02584</subfield>
    <subfield code="r">2025-03-04 14:57:48</subfield>
    <subfield code="t">Ej.1</subfield>
    <subfield code="w">2025-03-04</subfield>
    <subfield code="y">BK</subfield>
  </datafield>
  <datafield tag="952" ind1=" " ind2=" ">
    <subfield code="0">0</subfield>
    <subfield code="1">0</subfield>
    <subfield code="2">ddc</subfield>
    <subfield code="4">0</subfield>
    <subfield code="7">0</subfield>
    <subfield code="8">GEN</subfield>
    <subfield code="a">MEPLOPEZ</subfield>
    <subfield code="b">MEPLOPEZ</subfield>
    <subfield code="c">GEN</subfield>
    <subfield code="d">2025-04-14</subfield>
    <subfield code="l">0</subfield>
    <subfield code="o">303.66  B83p</subfield>
    <subfield code="p">PLZ00297</subfield>
    <subfield code="r">2025-04-14 15:12:35</subfield>
    <subfield code="t">Ej.1</subfield>
    <subfield code="w">2025-04-14</subfield>
    <subfield code="y">BK</subfield>
  </datafield>
  <datafield tag="952" ind1=" " ind2=" ">
    <subfield code="0">0</subfield>
    <subfield code="1">0</subfield>
    <subfield code="2">ddc</subfield>
    <subfield code="4">0</subfield>
    <subfield code="7">0</subfield>
    <subfield code="8">GEN</subfield>
    <subfield code="a">MECLANUE</subfield>
    <subfield code="b">MECLANUE</subfield>
    <subfield code="c">GEN</subfield>
    <subfield code="d">2025-05-13</subfield>
    <subfield code="l">0</subfield>
    <subfield code="o">303.66  B83p</subfield>
    <subfield code="p">CLN00195</subfield>
    <subfield code="r">2025-05-13 16:57:10</subfield>
    <subfield code="t">Ej.1</subfield>
    <subfield code="w">2025-05-13</subfield>
    <subfield code="y">BK</subfield>
  </datafield>
  <datafield tag="952" ind1=" " ind2=" ">
    <subfield code="0">0</subfield>
    <subfield code="1">0</subfield>
    <subfield code="2">ddc</subfield>
    <subfield code="4">0</subfield>
    <subfield code="7">0</subfield>
    <subfield code="8">GEN</subfield>
    <subfield code="a">MERESTRE</subfield>
    <subfield code="b">MERESTRE</subfield>
    <subfield code="c">GEN</subfield>
    <subfield code="d">2025-06-24</subfield>
    <subfield code="l">0</subfield>
    <subfield code="o">303.66  B83p</subfield>
    <subfield code="p">RES00219</subfield>
    <subfield code="r">2025-06-24 11:44:32</subfield>
    <subfield code="t">Ej.1</subfield>
    <subfield code="w">2025-06-24</subfield>
    <subfield code="y">BK</subfield>
  </datafield>
  <datafield tag="952" ind1=" " ind2=" ">
    <subfield code="0">0</subfield>
    <subfield code="1">0</subfield>
    <subfield code="2">ddc</subfield>
    <subfield code="4">0</subfield>
    <subfield code="7">0</subfield>
    <subfield code="8">GEN</subfield>
    <subfield code="a">MEMACYARI</subfield>
    <subfield code="b">MEMACYARI</subfield>
    <subfield code="c">GEN</subfield>
    <subfield code="d">2025-06-12</subfield>
    <subfield code="e">ministerio de cultura</subfield>
    <subfield code="f">9789586656399</subfield>
    <subfield code="l">0</subfield>
    <subfield code="o">303.66  B83p</subfield>
    <subfield code="p">9789586656399</subfield>
    <subfield code="r">2025-07-14 10:34:15</subfield>
    <subfield code="t">Ej.1</subfield>
    <subfield code="w">2025-07-14</subfield>
    <subfield code="y">BK</subfield>
  </datafield>
  <datafield tag="952" ind1=" " ind2=" ">
    <subfield code="0">0</subfield>
    <subfield code="1">0</subfield>
    <subfield code="2">ddc</subfield>
    <subfield code="4">0</subfield>
    <subfield code="7">0</subfield>
    <subfield code="8">GEN</subfield>
    <subfield code="a">MEMAPJGA</subfield>
    <subfield code="b">MEMAPJGA</subfield>
    <subfield code="c">GEN</subfield>
    <subfield code="d">2025-07-17</subfield>
    <subfield code="l">0</subfield>
    <subfield code="o">303.66  B83p</subfield>
    <subfield code="p">MPJG00409</subfield>
    <subfield code="r">2025-07-17 17:47:29</subfield>
    <subfield code="t">Ej.1</subfield>
    <subfield code="w">2025-07-17</subfield>
    <subfield code="y">BK</subfield>
  </datafield>
  <datafield tag="952" ind1=" " ind2=" ">
    <subfield code="0">0</subfield>
    <subfield code="1">0</subfield>
    <subfield code="2">ddc</subfield>
    <subfield code="4">0</subfield>
    <subfield code="7">0</subfield>
    <subfield code="8">GEN</subfield>
    <subfield code="a">MECUMARA</subfield>
    <subfield code="b">MECUMARA</subfield>
    <subfield code="c">GEN</subfield>
    <subfield code="d">2025-09-12</subfield>
    <subfield code="f">SALA GENERAL 3A</subfield>
    <subfield code="l">0</subfield>
    <subfield code="o">303.66  B83p</subfield>
    <subfield code="p">MECUM00968</subfield>
    <subfield code="r">2025-09-12 21:13:00</subfield>
    <subfield code="t">Ej.1</subfield>
    <subfield code="w">2025-09-12</subfield>
    <subfield code="y">BK</subfield>
  </datafield>
  <datafield tag="952" ind1=" " ind2=" ">
    <subfield code="0">0</subfield>
    <subfield code="1">0</subfield>
    <subfield code="2">ddc</subfield>
    <subfield code="4">0</subfield>
    <subfield code="7">0</subfield>
    <subfield code="a">MELAJULI</subfield>
    <subfield code="b">MELAJULI</subfield>
    <subfield code="c">GEN</subfield>
    <subfield code="d">2026-01-29</subfield>
    <subfield code="l">0</subfield>
    <subfield code="o">303.66  B83p</subfield>
    <subfield code="p">JUL00158</subfield>
    <subfield code="r">2026-01-29 18:48:57</subfield>
    <subfield code="t">Ej.1</subfield>
    <subfield code="w">2026-01-29</subfield>
    <subfield code="y">BK</subfield>
  </datafield>
  <datafield tag="952" ind1=" " ind2=" ">
    <subfield code="0">0</subfield>
    <subfield code="1">0</subfield>
    <subfield code="2">lcc</subfield>
    <subfield code="4">0</subfield>
    <subfield code="7">0</subfield>
    <subfield code="8">GEN</subfield>
    <subfield code="a">MEPCONCO</subfield>
    <subfield code="b">MEPCONCO</subfield>
    <subfield code="c">GEN</subfield>
    <subfield code="d">2026-02-02</subfield>
    <subfield code="l">0</subfield>
    <subfield code="o">303.66  B83p</subfield>
    <subfield code="p">PCON00492</subfield>
    <subfield code="r">2026-02-02 16:23:07</subfield>
    <subfield code="t">Ej.1</subfield>
    <subfield code="w">2026-02-02</subfield>
    <subfield code="y">BK</subfield>
  </datafield>
</record>
